[Event "ChessOrg Schachfestival 2024 Bad Wörishofen"]
[White "Kumeth, Hartmut"]
[Black "Jovi, Klaus"]
[Site "Bad Woerishofen"]
[Round "5.62"]
[Annotator "wempe"]
[Result "1-0"]
[Date "2024.??.??"]
[WhiteElo "1830"]
[BlackElo "1709"]
[PlyCount "43"]
[GameId "2104592338860048"]
[EventDate "2024.03.12"]

1. Nf3 d5 2. d4 Nf6 3. e3 e6 4. c4 c5 5. cxd5 Nxd5 6. dxc5 Bxc5 7. Be2 O-O 8. O-O Nc6 9. Bd2 a6 10. a3 b5 11. Qc2 Qe7 12. Rc1 Bd6 13. Qxc6 Bb7 14. Qc2 Rfc8 15. Nc3 b4 16. axb4 Bxb4 17. Nxd5 exd5 18. Qd3 a5 19. Rxc8+ Rxc8 20. h3 Qf6 21. Bxb4 Ba6 22. Qxa6 1-0

[Event "ChessOrg Schachfestival 2024 Bad Wörishofen"]
[White "Titz, Waldemar"]
[Black "Ruf, Helmut"]
[Site "Bad Woerishofen"]
[Round "5.63"]
[Annotator "wempe"]
[Result "1/2-1/2"]
[Date "2024.??.??"]
[WhiteElo "1822"]
[BlackElo "1645"]
[PlyCount "55"]
[GameId "2104592543946777"]
[EventDate "2024.03.12"]

1. e4 c5 2. Nf3 d6 3. c4 Bg4 4. Nc3 Nc6 5. Be2 Nf6 6. O-O g6 7. d3 Bg7 8. Be3 O-O 9. Rc1 Qb6 10. b3 a6 11. Qd2 Rfd8 12. Rfd1 e6 13. Bg5 Re8 14. h3 Bxf3 15. Bxf3 Nd4 16. Be2 Qc6 17. Be3 Nxe2+ 18. Qxe2 d5 19. Bd2 d4 20. Nb1 b5 21. Na3 b4 22. Nc2 a5 23. Ne1 Nd7 24. Nf3 a4 25. Ra1 axb3 26. axb3 Rxa1 27. Rxa1 Ra8 28. Qd1 1/2-1/2

[Event "ChessOrg Schachfestival 2024 Bad Wörishofen"]
[White "Auschkalnis, Reinhard"]
[Black "Schnell, Franz"]
[Site "Bad Woerishofen"]
[Round "5.64"]
[Annotator "wempe"]
[Result "0-1"]
[Date "2024.??.??"]
[WhiteElo "1732"]
[BlackElo "1800"]
[PlyCount "34"]
[GameId "2104592903637026"]
[EventDate "2024.03.12"]

1. e4 d5 2. exd5 Nf6 3. d4 Bg4 4. f3 Bf5 5. c4 e6 6. dxe6 Nc6 7. d5 Nb4 8. exf7+ Kxf7 9. Na3 Bc5 10. Kd2 Nbxd5 11. cxd5 Qxd5+ 12. Ke1 Bf2+ 13. Ke2 Qc5 14. Qb3+ Kg6 15. Nh3 Rhe8+ 16. Kd1 Rad8+ 17. Bd2 Re1# 0-1

[Event "ChessOrg Schachfestival 2024 Bad Wörishofen"]
[White "Mahrla, Hans"]
[Black "Narr, Irmgard"]
[Site "Bad Woerishofen"]
[Round "5.65"]
[Annotator "wempe"]
[Result "0-1"]
[Date "2024.??.??"]
[WhiteElo "1722"]
[BlackElo "1755"]
[PlyCount "38"]
[GameId "2104593445746731"]
[EventDate "2024.03.12"]

1. e4 e6 2. f4 d5 3. e5 c5 4. c3 Nc6 5. d3 Qb6 6. Nf3 Bd6 7. Qb3 Qc7 8. Qd1 Nh6 9. Be2 Nf5 10. g4 Nfe7 11. O-O Ng6 12. h4 Be7 13. Nbd2 Nxf4 14. Nb3 Nxe2+ 15. Qxe2 h6 16. Qd2 Nxe5 17. Nxe5 Qxe5 18. Qf4 Qxf4 19. Rxf4 Bxh4 0-1

[Event "ChessOrg Schachfestival 2024 Bad Wörishofen"]
[White "Fischer, Johann"]
[Black "Walther, Renate"]
[Site "Bad Woerishofen"]
[Round "5.66"]
[Annotator "wempe"]
[Result "1-0"]
[Date "2024.??.??"]
[WhiteElo "1733"]
[BlackElo "1561"]
[PlyCount "61"]
[GameId "2104594381867100"]
[EventDate "2024.03.12"]

1. e4 e5 2. Bc4 Nf6 3. Nc3 c6 4. d3 Be7 5. Bg5 d6 6. h3 O-O 7. Nge2 Nbd7 8. O-O b5 9. Bb3 Bb7 10. Ng3 d5 11. exd5 cxd5 12. Nxb5 a6 13. Nc3 d4 14. Bxf6 Nxf6 15. Nce4 Qd7 16. Qe2 h6 17. f4 Nxe4 18. Nxe4 Kh7 19. fxe5 Bd5 20. Bxd5 Qxd5 21. Ng3 g6 22. Rf3 Qe6 23. Qe4 Rad8 24. b3 Kh8 25. Ne2 Qb6 26. Raf1 f5 27. exf6 Bc5 28. Qxg6 Qc7 29. f7 Rd6 30. Rf6 Rxf6 31. Rxf6 1-0

[Event "ChessOrg Schachfestival 2024 Bad Wörishofen"]
[White "Pirrot, Dieter"]
[Black "Higatsberger, Michael"]
[Site "Bad Woerishofen"]
[Round "6.1"]
[Annotator "wempe"]
[Result "1-0"]
[Date "2024.??.??"]
[WhiteElo "2313"]
[BlackElo "2037"]
[PlyCount "147"]
[GameId "2118793979601327"]
[EventDate "2024.03.13"]

{[%evp 0,72,23,23,47,33,33,33,21,2,-8,-8,0,1,-15,-36,-21,-54,-63,-70,-48,0,12,10,22,8,1,6,-4,-34,-21,-37,-58,-58,-51,-62,-61,-49,-54,-49,-56,-60,-58,-63,-54,-56,-25,8,-4,0,0,0,32,41,44,42,68,8,0,0,0,0,0,-29,48,49,50,47,35,36,36,36,38,32,56]} 1. e4 e6 2. d4 d5 3. e5 c5 4. c3 Nc6 5. Nf3 Bd7 6. Bd3 cxd4 7. cxd4 Qb6 8. O-O Nxd4 9. Nbd2 Nxf3+ 10. Nxf3 Bb5 11. Be3 Qa6 12. Bxb5+ Qxb5 13. Rc1 Qd7 14. h4 Ne7 15. Bc5 Nc6 16. Bxf8 Kxf8 17. h5 h6 18. Qd3 Kg8 19. Rfe1 Rc8 20. Rc3 Nb4 21. Rxc8+ Qxc8 22. Qb1 Qc4 23. Rc1 Qe4 24. Qxe4 dxe4 25. Nd2 Nd5 26. Nxe4 Kh7 27. Nd6 f6 28. Nxb7 Rb8 29. Nc5 Rxb2 30. Nxe6 fxe5 31. g4 Kg8 32. Rc5 Nf4 33. Nxf4 exf4 34. Ra5 f3 35. a3 Rc2 36. Ra4 a5 37. Rf4 Rc3 38. a4 Ra3 39. Kh2 g5 40. hxg6 Kg7 41. Kg3 Kxg6 42. Rxf3 Rxa4 43. Rc3 Ra1 44. Rc6+ Kg7 45. Kf4 a4 46. Kf5 a3 47. Rc7+ Kf8 48. f4 a2 49. Ra7 Ke8 50. Kg6 Rg1 51. Rxa2 Rxg4+ 52. Kf5 Rg7 53. Ra8+ Ke7 54. Rh8 Rf7+ 55. Ke5 Rg7 56. f5 Kf7 57. Rxh6 Rg1 58. Rh7+ Kg8 59. Rd7 Ra1 60. Ke6 Ra6+ 61. Ke5 Ra5+ 62. Kf6 Ra6+ 63. Kg5 Ra1 64. Kg6 Rg1+ 65. Kf6 Rf1 66. Rd8+ Kh7 67. Re8 Rf2 68. Ke6 Kg7 69. Re7+ Kf8 70. Rb7 Re2+ 71. Kf6 Re8 72. Kg6 Kg8 73. f6 Ra8 74. Rg7+ 1-0

[Event "ChessOrg Schachfestival 2024 Bad Wörishofen"]
[White "Kutschenko, Roland"]
[Black "Baum, Bernd"]
[Site "Bad Woerishofen"]
[Round "6.2"]
[Annotator "wempe"]
[Result "0-1"]
[Date "2024.??.??"]
[WhiteElo "2024"]
[BlackElo "2201"]
[PlyCount "100"]
[GameId "2118793979601328"]
[EventDate "2024.03.13"]

1. e4 c5 2. Nf3 Nc6 3. Bb5 e6 4. O-O Nge7 5. Re1 b6 6. d4 cxd4 7. Nxd4 Bb7 8. Nc3 a6 9. Bxc6 dxc6 10. Be3 Ng6 11. Qe2 Be7 12. Rad1 Qc7 13. g3 O-O 14. h4 c5 15. Nf3 f6 16. h5 Nh8 17. Bc1 b5 18. Kh2 Nf7 19. Rg1 Rad8 20. Rde1 Bd6 21. Nh4 Be5 22. Qg4 Rfe8 23. f4 Bd4 24. Rgf1 Kh8 25. Ne2 Nh6 26. Qh3 f5 27. exf5 exf5 28. Nxf5 Bc8 29. g4 Nxf5 30. gxf5 Qf7 31. Nxd4 cxd4 32. Re5 Rf8 33. Qh4 Bxf5 34. Re7 Qf6 35. Qxf6 Rxf6 36. c3 d3 37. Rfe1 Kg8 38. Bd2 Rh6 39. Re8+ Rxe8 40. Rxe8+ Kf7 41. Re1 Rxh5+ 42. Kg2 Rh6 43. b3 Rc6 44. Rc1 h5 45. Re1 h4 46. Kh2 Rg6 47. Re3 h3 48. Rg3 Re6 49. Re3 Ke7 50. a3 Kd6 0-1

[Event "ChessOrg Schachfestival 2024 Bad Wörishofen"]
[White "Zwick, Hubert"]
[Black "Okrajek, Alexander"]
[Site "Bad Woerishofen"]
[Round "6.3"]
[Annotator "wempe"]
[Result "0-1"]
[Date "2024.??.??"]
[WhiteElo "2003"]
[BlackElo "2128"]
[PlyCount "102"]
[GameId "2118793979601329"]
[EventDate "2024.03.13"]

1. d4 Nf6 2. Bf4 g6 3. Nf3 Bg7 4. c3 O-O 5. h3 d6 6. e3 Nfd7 7. Bh2 e5 8. dxe5 Nxe5 9. Nxe5 dxe5 10. Qxd8 Rxd8 11. Bc4 Nd7 12. Ke2 Nb6 13. Bb3 Bf5 14. Rd1 Rxd1 15. Kxd1 Rd8+ 16. Ke1 Kf8 17. Nd2 Ke7 18. Rd1 Bd3 19. e4 c5 20. c4 Bf6 21. f3 Ke6 22. Bg1 Bh4+ 23. Bf2 Bxf2+ 24. Kxf2 Rd4 25. Rc1 f5 26. Ke3 f4+ 27. Kf2 Kf6 28. Rc3 Ke7 29. Rc1 g5 30. Rc3 h5 31. Rc1 Kf6 32. Rc3 Nc8 33. a3 Nd6 34. Ba2 b5 35. cxb5 Bxb5 36. Ke1 c4 37. b3 cxb3 38. Bxb3 g4 39. hxg4 hxg4 40. Rc5 g3 41. Bd1 a6 42. Nb1 Nc4 43. Be2 Ne3 44. Bxb5 Rd1+ 45. Ke2 Rxb1 46. Bd7 Rb2+ 47. Kd3 Rxg2 48. Rc6+ Ke7 49. Bc8 Ra2 50. Re6+ Kd8 51. Bxa6 g2 0-1

[Event "ChessOrg Schachfestival 2024 Bad Wörishofen"]
[White "Tscharotschkin, Michael"]
[Black "Remensberger, Hansuli"]
[Site "Bad Woerishofen"]
[Round "6.4"]
[Annotator "wempe"]
[Result "1/2-1/2"]
[Date "2024.??.??"]
[WhiteElo "2062"]
[BlackElo "2024"]
[PlyCount "89"]
[GameId "2118793979601330"]
[EventDate "2024.03.13"]

1. d4 d6 2. c4 e5 3. Nf3 e4 4. Nfd2 f5 5. e3 Nf6 6. Nc3 Nc6 7. b3 Be7 8. Bb2 O-O 9. g3 Bd7 10. Ne2 Kh8 11. h4 Nh5 12. a3 a5 13. Nb1 Nb8 14. Nbc3 c6 15. Ng1 Nf6 16. Nh3 Ng4 17. Nf4 Qe8 18. Bh3 Nf6 19. h5 Kg8 20. d5 Na6 21. Na4 Nc7 22. Rc1 Ra6 23. Bf1 c5 24. Nc3 Ng4 25. Be2 Ne5 26. a4 Bf6 27. Rc2 Ra8 28. Nb5 Nxb5 29. cxb5 b6 30. Kf1 Rc8 31. Kg2 Qe7 32. Rd2 Nf7 33. Rh2 Bxb2 34. Rxb2 Qf6 35. Rc2 Rfe8 36. Qd2 Qe5 37. Rc1 Qf6 38. Rch1 Nh6 39. Rh4 Kh8 40. Bc4 Nf7 41. Be2 Nh6 42. Bc4 Nf7 43. Qd1 Ne5 44. Be2 Nf7 45. Bc4 1/2-1/2

[Event "ChessOrg Schachfestival 2024 Bad Wörishofen"]
[White "Scharrer, Udo"]
[Black "Matzat, Andre"]
[Site "Bad Woerishofen"]
[Round "6.5"]
[Annotator "wempe"]
[Result "1/2-1/2"]
[Date "2024.??.??"]
[WhiteElo "1986"]
[BlackElo "2060"]
[PlyCount "20"]
[GameId "2118793979601331"]
[EventDate "2024.03.13"]

1. Nf3 d5 2. g3 c6 3. Bg2 Nf6 4. O-O Bf5 5. d3 h6 6. c4 e6 7. Be3 c5 8. cxd5 exd5 9. d4 Nbd7 10. Nc3 c4 1/2-1/2

[Event "ChessOrg Schachfestival 2024 Bad Wörishofen"]
[White "Heck, Norbert"]
[Black "Stern, Geoffrey"]
[Site "Bad Woerishofen"]
[Round "6.6"]
[Annotator "wempe"]
[Result "1-0"]
[Date "2024.??.??"]
[WhiteElo "2047"]
[BlackElo "1950"]
[PlyCount "109"]
[GameId "2118793979601332"]
[EventDate "2024.03.13"]

1. c4 e6 2. g3 d5 3. Bg2 Nf6 4. Nf3 dxc4 5. Qa4+ Bd7 6. Qxc4 c5 7. Nc3 Bc6 8. d3 Be7 9. O-O O-O 10. Be3 Nbd7 11. Qb3 Nd5 12. Bd2 Rc8 13. Rfd1 N7b6 14. Qc2 Nxc3 15. Bxc3 Bf6 16. Rac1 Bxc3 17. Qxc3 Nd7 18. d4 cxd4 19. Nxd4 Bxg2 20. Qxc8 Qxc8 21. Rxc8 Rxc8 22. Kxg2 Nb6 23. Nb5 a6 24. Nd6 Rd8 25. Rd3 Nd5 26. Nxb7 Rb8 27. Rb3 f5 28. Nc5 Rxb3 29. Nxb3 Kf7 30. Nc5 Nc7 31. Kf3 Ke7 32. e4 g5 33. Ke3 Kd6 34. Nd3 h6 35. f4 g4 36. Ne5 Kc5 37. Kd3 a5 38. exf5 exf5 39. Nc4 a4 40. Ne3 Ne6 41. Nxf5 h5 42. Ke4 Kc4 43. Ne3+ Kc5 44. Ke5 Nd4 45. f5 Nf3+ 46. Ke6 Kd4 47. Ng2 Kd3 48. f6 Ng5+ 49. Kf5 Nf7 50. Nf4+ Kc2 51. b4 Kb2 52. Ke4 Ng5+ 53. Ke5 a3 54. b5 Nh7 55. b6 1-0

[Event "ChessOrg Schachfestival 2024 Bad Wörishofen"]
[White "Schatz, Christian"]
[Black "Weinwurm, Wolfgang"]
[Site "Bad Woerishofen"]
[Round "6.7"]
[Annotator "wempe"]
[Result "1/2-1/2"]
[Date "2024.??.??"]
[WhiteElo "2182"]
[BlackElo "2016"]
[PlyCount "39"]
[GameId "2118793979601333"]
[EventDate "2024.03.13"]

1. Nf3 Nf6 2. d4 g6 3. g3 Bg7 4. Bg2 O-O 5. O-O d5 6. c4 dxc4 7. Na3 Nc6 8. Nxc4 Be6 9. b3 a5 10. Nce5 Bd5 11. Bb2 a4 12. bxa4 Ra6 13. Qc2 Qa8 14. Ba3 Rd8 15. Nxc6 Rxc6 16. Qb2 Qxa4 17. Bxe7 Rc2 18. Qxc2 Qxc2 19. Bxd8 c6 20. e3 1/2-1/2

[Event "ChessOrg Schachfestival 2024 Bad Wörishofen"]
[White "Daeubler, Heinrich"]
[Black "Toenniges, Thomas"]
[Site "Bad Woerishofen"]
[Round "6.8"]
[Annotator "wempe"]
[Result "0-1"]
[Date "2024.??.??"]
[WhiteElo "2140"]
[BlackElo "2027"]
[PlyCount "78"]
[GameId "2118793979601334"]
[EventDate "2024.03.13"]

1. g3 d5 2. Nf3 Nf6 3. Bg2 c5 4. O-O Nc6 5. d4 e6 6. c4 dxc4 7. Qa4 Bd7 8. Qxc4 cxd4 9. Nxd4 Rc8 10. Nxc6 Bxc6 11. Bxc6+ Rxc6 12. Qa4 Bc5 13. Nc3 O-O 14. Bg5 h6 15. Bxf6 Qxf6 16. Rac1 Rfc8 17. Ne4 Bxf2+ 18. Kg2 Qd4 19. Rxc6 Rxc6 20. Qb5 Qxe4+ 21. Kxf2 Rc2 22. Re1 Qd4+ 23. Kf3 Qf6+ 24. Kg2 Rxb2 25. Qc4 b5 26. Qc7 Rxa2 27. Qb8+ Kh7 28. Qxb5 Qf5 29. Qb4 a5 30. Qb6 Qe4+ 31. Kf2 a4 32. Qc7 f5 33. Qf7 Rd2 34. h4 Qd4+ 35. Kf1 Qd7 36. Qf8 Qd6 37. Qe8 Qa3 38. h5 Qxg3 39. Qxe6 Qh3+ 0-1

[Event "ChessOrg Schachfestival 2024 Bad Wörishofen"]
[White "Geyer, Bernhard"]
[Black "Remensberger, Paul"]
[Site "Bad Woerishofen"]
[Round "6.9"]
[Annotator "wempe"]
[Result "1-0"]
[Date "2024.??.??"]
[WhiteElo "2119"]
[BlackElo "2019"]
[PlyCount "57"]
[GameId "2118793979601335"]
[EventDate "2024.03.13"]

1. c4 e6 2. d4 d5 3. Nf3 Nf6 4. a3 Be7 5. e3 O-O 6. Nc3 b6 7. b3 Bb7 8. Bd3 Nbd7 9. O-O c5 10. Bb2 cxd4 11. exd4 Rc8 12. Rc1 a6 13. Qe2 Re8 14. Rfd1 Bd6 15. Ne5 Qe7 16. a4 a5 17. Nb5 Bb8 18. Ba3 Qd8 19. Nd6 Bxd6 20. Bxd6 Nf8 21. c5 Ne4 22. Bb5 Nxd6 23. cxd6 Rxc1 24. Rxc1 Qg5 25. Qe3 Qxe3 26. fxe3 Rd8 27. Rc7 f6 28. Nf7 Rb8 29. d7 1-0

[Event "ChessOrg Schachfestival 2024 Bad Wörishofen"]
[White "Kierzek, Matthias"]
[Black "Mueller, Erich"]
[Site "Bad Woerishofen"]
[Round "6.10"]
[Annotator "wempe"]
[Result "1-0"]
[Date "2024.??.??"]
[WhiteElo "2112"]
[BlackElo "2004"]
[PlyCount "39"]
[GameId "2118793979601336"]
[EventDate "2024.03.13"]

1. d4 d6 2. e4 Nf6 3. Nc3 e5 4. Nf3 Nbd7 5. Bc4 Be7 6. O-O O-O 7. a4 a5 8. Re1 h6 9. h3 Re8 10. Be3 c6 11. Qd2 Nh7 12. Rad1 Ng5 13. Nxg5 hxg5 14. Qe2 Qc7 15. Qh5 Rf8 16. Bxg5 Bxg5 17. Qxg5 exd4 18. Rxd4 Qb6 19. Rxd6 Qxb2 20. Re3 1-0

[Event "ChessOrg Schachfestival 2024 Bad Wörishofen"]
[White "Rauch, Uwe"]
[Black "Krueger, Norbert"]
[Site "Bad Woerishofen"]
[Round "6.11"]
[Annotator "wempe"]
[Result "0-1"]
[Date "2024.??.??"]
[WhiteElo "2083"]
[BlackElo "1993"]
[PlyCount "44"]
[GameId "2104596645959904"]
[EventDate "2024.03.13"]

1. e4 c5 2. Nf3 Nf6 3. Nc3 Nc6 4. d4 d5 5. Bb5 dxe4 6. Ne5 cxd4 7. Nxc6 bxc6 8. Bxc6+ Bd7 9. Bxa8 dxc3 10. Bxe4 Nxe4 11. Qd5 Nf6 12. Qb7 Qc8 13. Qxa7 e6 14. b4 Bb5 15. Bg5 Bxb4 16. Qb6 Qc4 17. Qb8+ Ke7 18. Qa7+ Kf8 19. O-O-O Nd5 20. Rd4 Qc5 21. Rxd5 Ba3+ 22. Kd1 Qxa7 0-1

[Event "ChessOrg Schachfestival 2024 Bad Wörishofen"]
[White "Kirby, Peter"]
[Black "Neumann, Joachim"]
[Site "Bad Woerishofen"]
[Round "6.12"]
[Annotator "wempe"]
[Result "1/2-1/2"]
[Date "2024.??.??"]
[WhiteElo "1980"]
[BlackElo "2062"]
[PlyCount "51"]
[GameId "2106056558733550"]
[EventDate "2024.03.13"]

1. d4 Nf6 2. c4 e6 3. g3 c5 4. d5 exd5 5. cxd5 d6 6. Nc3 Be7 7. Bg2 O-O 8. Nf3 Na6 9. O-O Nc7 10. a4 a6 11. Re1 Rb8 12. a5 Nb5 13. e4 Bg4 14. Nxb5 axb5 15. Qb3 b4 16. Nd2 Bd7 17. Nc4 Bb5 18. Bf4 Bxc4 19. Qxc4 Nd7 20. Bh3 Ne5 21. Bxe5 dxe5 22. Qb5 Qd6 23. a6 bxa6 24. Qxa6 Qxa6 25. Rxa6 Ra8 26. Rea1 1/2-1/2

[Event "ChessOrg Schachfestival 2024 Bad Wörishofen"]
[White "Rick, Uwe"]
[Black "Bruchmann, Norbert"]
[Site "Bad Woerishofen"]
[Round "6.13"]
[Annotator "wempe"]
[Result "1-0"]
[Date "2024.??.??"]
[WhiteElo "2021"]
[BlackElo "2057"]
[PlyCount "93"]
[GameId "2106057159895288"]
[EventDate "2024.03.13"]

1. d4 e6 2. c4 f5 3. g3 Nf6 4. Bg2 Be7 5. Nf3 O-O 6. O-O d6 7. Nc3 Ne4 8. Qc2 Nxc3 9. Qxc3 a5 10. b3 Bf6 11. Bb2 Nc6 12. c5 Bd7 13. cxd6 cxd6 14. Qd2 Nb4 15. Rfc1 Qb6 16. a3 Na6 17. Qd1 Rac8 18. e3 Bc6 19. Nd2 Bxg2 20. Kxg2 d5 21. Rc2 Be7 22. Rac1 Rxc2 23. Qxc2 Bd6 24. Nf3 Nb8 25. Ne5 Bxe5 26. dxe5 Nc6 27. Qd3 a4 28. b4 h6 29. f4 d4 30. Bxd4 Rd8 31. Rc5 Nxd4 32. exd4 Rd5 33. Rxd5 Qc6 34. Qb5 exd5 35. Qxc6 bxc6 36. Kf3 Kf7 37. h3 g6 38. Ke3 Ke6 39. Kd3 Kd7 40. Kc3 h5 41. h4 Kc7 42. b5 cxb5 43. Kb4 Kb6 44. e6 Kc6 45. e7 Kd7 46. Kxb5 Kxe7 47. Kxa4 1-0

[Event "ChessOrg Schachfestival 2024 Bad Wörishofen"]
[White "Hafner, Robert"]
[Black "Bhend, Edwin"]
[Site "Bad Woerishofen"]
[Round "6.15"]
[Annotator "wempe"]
[Result "1/2-1/2"]
[Date "2024.??.??"]
[WhiteElo "1953"]
[BlackElo "2113"]
[PlyCount "32"]
[GameId "2106415739963655"]
[EventDate "2024.03.13"]

1. d4 d5 2. Nf3 Nc6 3. e3 g6 4. b3 Bg7 5. Bb2 Nh6 6. Be2 O-O 7. O-O Bf5 8. Nbd2 a5 9. a3 Re8 10. c4 dxc4 11. Nxc4 Ng4 12. Qc1 Nf6 13. Rd1 Qc8 14. Qd2 Be4 15. Rac1 Bd5 16. Qe1 Ne4 1/2-1/2

[Event "ChessOrg Schachfestival 2024 Bad Wörishofen"]
[White "Wuest, Klaus"]
[Black "Rubke, Manfred"]
[Site "Bad Woerishofen"]
[Round "6.16"]
[Annotator "wempe"]
[Result "1/2-1/2"]
[Date "2024.??.??"]
[WhiteElo "1937"]
[BlackElo "2109"]
[PlyCount "31"]
[GameId "2106416537798928"]
[EventDate "2024.03.13"]

1. e4 d6 2. d4 g6 3. Nc3 Bg7 4. Be3 c6 5. Qd2 b5 6. Nf3 Nd7 7. Be2 Nb6 8. h3 Nf6 9. a3 Bd7 10. Bh6 O-O 11. Bxg7 Kxg7 12. Rd1 Qc7 13. O-O Rad8 14. e5 dxe5 15. dxe5 Ng8 16. Qe3 1/2-1/2

[Event "ChessOrg Schachfestival 2024 Bad Wörishofen"]
[White "McAndrew, Robert"]
[Black "Oberhofer, Max"]
[Site "Bad Woerishofen"]
[Round "6.17"]
[Annotator "wempe"]
[Result "1-0"]
[Date "2024.??.??"]
[WhiteElo "1935"]
[BlackElo "2084"]
[PlyCount "40"]
[GameId "2106416784578841"]
[EventDate "2024.03.13"]

1. c4 Nf6 2. g3 e6 3. Bg2 d5 4. Nf3 Be7 5. O-O O-O 6. d4 b6 7. cxd5 exd5 8. Nc3 Bb7 9. b3 Na6 10. Bb2 c6 11. Ne5 Nc7 12. e3 Ne6 13. Rc1 Rc8 14. Qd3 Rc7 15. h4 Qc8 16. Rfd1 Nd7 17. Bh3 Nxe5 18. dxe5 Nc5 19. Qf1 Ba6 20. Bxc8 Rfxc8 1-0

[Event "ChessOrg Schachfestival 2024 Bad Wörishofen"]
[White "Walther, Reinhard"]
[Black "Hansch, Klaus -Michael"]
[Site "Bad Woerishofen"]
[Round "6.18"]
[Annotator "wempe"]
[Result "1/2-1/2"]
[Date "2024.??.??"]
[WhiteElo "1999"]
[BlackElo "1900"]
[PlyCount "102"]
[GameId "2106417471060258"]
[EventDate "2024.03.13"]

1. d4 Nf6 2. Bg5 d5 3. e3 Ne4 4. Bf4 g5 5. Be5 f6 6. Qh5+ Kd7 7. Bg3 Nxg3 8. hxg3 Qe8 9. Qd1 Kd8 10. Bd3 h6 11. Nc3 c6 12. Qd2 e6 13. Nf3 Nd7 14. O-O-O Nb6 15. e4 Qf7 16. e5 g4 17. Nh4 f5 18. Qe2 h5 19. Rde1 Bd7 20. Nxf5 Qg8 21. Ne3 Kc7 22. Ncd1 c5 23. c3 cxd4 24. cxd4 Rc8 25. Kb1 Kb8 26. Nc3 Bb4 27. Rc1 Be8 28. Rc2 Bg6 29. Rhc1 Qh7 30. Bxg6 Qxg6 31. Ka1 Bxc3 32. Rxc3 Rxc3 33. Rxc3 Qe4 34. Qc2 Qh7 35. Qxh7 Rxh7 36. Rc1 Rf7 37. Rf1 Nc8 38. Kb1 Ne7 39. a3 Nc6 40. Nc2 Na5 41. Kc1 Rc7 42. Kb1 Nc4 43. Rc1 Rf7 44. Ne3 Rxf2 45. Nxc4 dxc4 46. Rh1 Rf5 47. Kc2 Kc7 48. Kc3 b5 49. Kb4 Kc6 50. a4 a6 51. Kc3 Kd5 1/2-1/2

[Event "ChessOrg Schachfestival 2024 Bad Wörishofen"]
[White "Fiedler, Wolfgang"]
[Black "Leser, Alfred"]
[Site "Bad Woerishofen"]
[Round "6.19"]
[Annotator "wempe"]
[Result "0-1"]
[Date "2024.??.??"]
[WhiteElo "1979"]
[BlackElo "1825"]
[PlyCount "130"]
[GameId "2106421480450347"]
[EventDate "2024.03.13"]

1. f4 d5 2. Nf3 Nc6 3. d4 Nf6 4. e3 Bg4 5. c3 e6 6. Nbd2 a6 7. Bd3 g6 8. h3 Bf5 9. Be2 Ne4 10. g4 Nxd2 11. Nxd2 Qh4+ 12. Kf1 Be4 13. Nxe4 dxe4 14. g5 h6 15. Bd2 hxg5 16. Be1 Qh7 17. fxg5 Be7 18. Qc2 f5 19. gxf6 Rf8 20. Qxe4 Rxf6+ 21. Kg2 O-O-O 22. Bg4 Rdf8 23. Bxe6+ Kb8 24. Bg3 Nd8 25. Bg4 Qf7 26. Rhg1 Ne6 27. Bxe6 Rxe6 28. Qf4 Rf6 29. Qg4 Rf5 30. Qe2 Bd6 31. e4 Rf3 32. e5 Qd5 33. Kh2 Be7 34. Rg2 Qe6 35. Rf2 Rxf2+ 36. Bxf2 Rh8 37. Qf3 g5 38. Kg2 Rf8 39. Qe4 g4 40. hxg4 Rg8 41. Kf3 Rf8+ 42. Kg2 Rg8 43. Kg3 Bg5 44. d5 Qh6 45. Rh1 Bf4+ 46. Qxf4 Qxh1 47. Qf3 Qh6 48. Be3 Qh7 49. e6 Rh8 50. Qf5 Qh2+ 51. Kf3 Rh3+ 52. Ke4 Qc2+ 53. Kd4 Qd1+ 54. Ke4 Qc2+ 55. Kd4 Qd1+ 56. Ke4 Qc2+ 57. Kf4 Qh2+ 58. Kg5 Rh8 59. Qf6 Rg8+ 60. Kf5 Qc2+ 61. Ke5 Qxb2 62. Bd4 Qe2+ 63. Kf5 Qxg4+ 64. Ke5 Rg5+ 65. Qxg5 Qxg5+ 0-1

[Event "ChessOrg Schachfestival 2024 Bad Wörishofen"]
[White "Jahn, Peter"]
[Black "Heid, Michael"]
[Site "Bad Woerishofen"]
[Round "6.20"]
[Annotator "wempe"]
[Result "1-0"]
[Date "2024.??.??"]
[WhiteElo "2064"]
[BlackElo "1944"]
[PlyCount "121"]
[GameId "2106422751234356"]
[EventDate "2024.03.13"]

1. d4 Nf6 2. Nf3 d5 3. g3 e6 4. Bg2 c5 5. O-O Nc6 6. c4 cxd4 7. Nxd4 Be7 8. Nc3 O-O 9. cxd5 Nxd5 10. Nxd5 exd5 11. Be3 Bf6 12. Rc1 Be6 13. Nxc6 bxc6 14. Bd4 Bxd4 15. Qxd4 Qd7 16. Rc5 Rab8 17. Rfc1 Rb6 18. e3 Rfb8 19. b3 Ra6 20. Qd2 h6 21. Bf1 Rab6 22. Qc3 Rc8 23. b4 d4 24. exd4 Bxa2 25. Bg2 Rd8 26. Ra5 Be6 27. Bxc6 Qxd4 28. Qxd4 Rxd4 29. b5 Rb4 30. Rxa7 Bc4 31. Re1 Bxb5 32. Re8+ Kh7 33. Be4+ Rxe4 34. Rxe4 Bc6 35. Re1 Bd5 36. Ra5 Be6 37. Kg2 g6 38. Rd1 Kg7 39. Rd2 Rb3 40. h3 h5 41. Rc5 Ra3 42. Rd4 Kf6 43. g4 hxg4 44. hxg4 g5 45. f3 Ra8 46. Rb4 Ra2+ 47. Kg3 Ra8 48. Rbb5 Rg8 49. Ra5 Rg7 50. Kf2 Rg8 51. Ke3 Re8 52. Kf2 Rg8 53. Ra7 Rb8 54. Kg3 Rd8 55. Rca5 Rd3 56. Kf2 Rd8 57. Ra8 Rxa8 58. Rxa8 Ke5 59. Ra5+ Kf6 60. Ke3 Bc4 61. Kd4 1-0

[Event "ChessOrg Schachfestival 2024 Bad Wörishofen"]
[White "Wild, Helmut"]
[Black "Bohnstorff, Michael"]
[Site "Bad Woerishofen"]
[Round "6.21"]
[Annotator "wempe"]
[Result "0-1"]
[Date "2024.??.??"]
[WhiteElo "1953"]
[BlackElo "2043"]
[PlyCount "82"]
[GameId "2106423419296061"]
[EventDate "2024.03.13"]

1. c4 c6 2. e4 d5 3. exd5 cxd5 4. cxd5 Qxd5 5. Nc3 Qd8 6. d4 Nf6 7. Bb5+ Bd7 8. Qa4 e6 9. Nf3 Be7 10. Ne5 O-O 11. Nxd7 Nbxd7 12. Bxd7 Nxd7 13. O-O Nb6 14. Qd1 Bf6 15. Be3 Rc8 16. Qf3 Qe7 17. Ne4 Nd5 18. Rac1 b6 19. a3 Rfd8 20. Qg3 Bh4 21. Qf3 f5 22. Nc3 Nxc3 23. bxc3 Qxa3 24. c4 Qd6 25. c5 Qd5 26. Qxd5 exd5 27. cxb6 axb6 28. Rb1 Rc6 29. Rb5 Rd7 30. Rbb1 Bd8 31. Bf4 Kf7 32. g3 Rc4 33. h4 Rxd4 34. Be3 Rc4 35. Bxb6 Bxb6 36. Rxb6 d4 37. Rd1 d3 38. Rb2 Kf6 39. Rbd2 Rc3 40. f3 Ke5 41. Kf2 Kd4 0-1

[Event "ChessOrg Schachfestival 2024 Bad Wörishofen"]
[White "Neese, Hans-Joachim"]
[Black "Gass, Ulrich"]
[Site "Bad Woerishofen"]
[Round "6.22"]
[Annotator "wempe"]
[Result "1/2-1/2"]
[Date "2024.??.??"]
[WhiteElo "2042"]
[BlackElo "1941"]
[PlyCount "88"]
[GameId "2106424514193734"]
[EventDate "2024.03.13"]

1. d4 c5 2. d5 Nf6 3. Nc3 g6 4. g3 d6 5. Bg2 Bg7 6. e4 O-O 7. Nf3 Bg4 8. h3 Bxf3 9. Qxf3 Qa5 10. O-O b5 11. Qe2 b4 12. Nd1 Nbd7 13. Ne3 Rab8 14. Nc4 Qb5 15. Re1 Ne8 16. Bf1 a5 17. a4 Qa6 18. Rb1 Nb6 19. b3 Nxc4 20. Qxc4 Qxc4 21. Bxc4 Bc3 22. Re2 Kg7 23. Kg2 h5 24. f4 Nc7 25. Be3 f6 26. Rf1 Rbd8 27. h4 Bb2 28. f5 Be5 29. Kh3 Rh8 30. fxg6 Kxg6 31. Rg2 Rdg8 32. g4 hxg4+ 33. Rxg4+ Kf7 34. Rfg1 Rxg4 35. Rxg4 Rh5 36. Rg2 Ne8 37. Be2 Rh7 38. h5 Rg7 39. Rg4 f5 40. Rxg7+ Kxg7 41. exf5 Kh7 42. h6 Nf6 43. Bf3 Ng8 44. Be4 Bf6 1/2-1/2